000 01086nam a22003497a 4500
003 CHAP
005 20220329143456.0
008 091208s2006 mx r 00010 spa d
010 _a97217
011 _a98189
020 _a9709833413
035 _a108872
040 _cCHAP
082 0 4 _a305
_bR61
100 1 _aRodríguez Zepeda, Jesús.
_998975
245 1 3 _aUn marco teórico para la discriminación
_c/por Jesús Rodríguez Zepeda
260 _aMéxico D.F. :
_bCONAPRED,
_c2006
300 _a138 p.
490 0 _aColección estudios
_v; 2
590 _aBATCH-UPD
_b10
_c20130110
_lUCH01
_h1349
590 _aBATCH-UPD
_b10
_c20130410
_lUCH01
_h0846
590 _aBATCH-UPD
_b10
_c20130914
_lUCH01
_h1004
590 _aCONVERSION
_b10
_c20130109
_lUCH01
_h1354
650 1 4 _aDerechos civiles.
_931913
650 1 4 _aDerechos humanos.
_931916
650 1 4 _aDiscriminación.
_932713
650 1 4 _aValores.
_9117671
830 0 _aColección estudios
_v; 2
_924852
901 _aBK
942 _cLIBRO
949 _a305 R61
_bBC
_cLIBRO
_d33724002129108
_eLIBRO
_gI.c/e
_h111529
_i108872
_sb
999 _c97217
_d97217